Responses for show #3420 - Friday, June 18, 1999

Contestants

Adil Karim, a graduate student from Santa Barbara, California

Kitty Estopinal, an assistant district attorney from Shreveport, Louisiana

Joe Padavic, an international freight forwarder from Roselle, Illinois (whose 1-day cash winnings total $10,300)

Jeopardy! Round responses

FATHER'S DAY
WHO'S WHO IN THE BIBLE
ACTORS & ACTRESSES
STATE OBJECTS
PRO STADIUMS & ARENAS
(Alex: You have to identify the team.)
"HORSE" SENSE
    $100 26
Texas

Adil
    $100 11
Lazarus

Kitty
    $100 14
Donna Mills

Joe
    $100 6
Orange juice

Kitty
    $100 1
Boston Red Sox

Joe
    $100 21
the Headless Horseman

Joe
    $200 27
"Father of their country"

Kitty
    $200 12
Noah

Joe
    $200 15
Clark Gable

Joe
    $200 7
Gold

Kitty
    $200 2
St. Louis Cardinals

Adil
    $200 22
horseradish

Kitty
    $300 28
(A: Who was O'Malley?)
(K: Who was Wrigley?)

Charles Ebbets

JoeKittyAdil
    $300 13
Mary Magdalene

Adil
    $300 16
(J: Who was Olivier?)
(A: Who was John Gielgud?)

Henry Irving (back in the 1800s)

JoeKittyAdil
    $300 8
Honeybee

Joe
    $300 3
New England Patriots

Adil
    $300 23
Crazy Horse

Joe
    $400 29
Chemistry

Kitty
    $1,500 18
Sarah

Joe
    $400 17
Audrey Hepburn

Joe
    $400 9
Emerald

Kitty
    $400 4
San Antonio Spurs

Adil
    $400 24
Dark horse

Kitty
    $500 30
Aristophanes

Adil
    $500 19
(J: Who is Daniel?)
(K: Who is David?)

Saul

JoeKitty
Triple Stumper
    $500 20
Richard Thomas

Joe
    $500 10
Mushroom

Joe
    $500 5
(A: Who are the Toronto Maple Leafs?)

Montreal Canadiens

JoeAdil
    $500 25
Horsepower

Joe

Scores at the first commercial break (after clue 17):

Joe Kitty Adil
$2,000 $1,100 $400

Scores at the end of the Jeopardy! Round:

Joe Kitty Adil
$4,700 $1,500 $700

Double Jeopardy! Round responses

PRESIDENTIAL FACTS
JUST DESSERTS
CLASSICAL COMPOSERS
GOING DUTCH
ON WORDS
CHRISTIAN SLATER
    $200 1
(J: Who are Ulysses S. Grant & Theodore Roosevelt?)
(K: Who are Grant & Eisenhower?)

Grant, Eisenhower, Carter

JoeKitty
    $200 6
Jell-O

Kitty
    $200 11
G. Rossini

Kitty
    $200 16
Anne Frank

Kitty
    $200 21
Thursday

Joe
    $200 26
Interview with the Vampire

Joe
    $400 2
(J: Who are Kennedy...[time] Adams & Adams?)
(Alex: Joe, you took too much time.)

J. Adams. J.Q. Adams, T. Roosevelt, F. Roosevelt & Kennedy

Joe
Triple Stumper
    $400 7
Pound cake

Kitty
    $400 12
J.S. Bach

Kitty
    $400 17
Soccer

Adil
    $400 22
(K: What is a person?)

Place

KittyAdil
    $400 27
The Music Man

Kitty
    $700 3
(2 of) Carter & Clinton (or Harding & Truman)

Kitty
    $600 8
(J: What is a Tootsie Roll?)

Fudge

JoeAdil
    $600 13
Jean Sibelius

Triple Stumper
    $600 18
KLM

Joe
    $600 23
Genealogy

Joe
    $600 28
Star Trek

Joe
    $800 4
(J: Who are Washington & Cleveland?)

Washington, Jefferson, Madison, Fillmore, B. Harrison, Wilson

Joe
Triple Stumper
    $800 9
Oreo

Joe
    $800 14
Claude Debussy

Kitty
    $1,200 19
Albany

Joe
    $800 24
Day

Kitty
    $800 29
Helen Slater

Adil
    $1000 5
(J: Who are Van Buren & Harrison?)

W. Harrison, Tyler, Taylor, Fillmore

Joe
Triple Stumper
    $1000 10
Doughnuts

Kitty
    $1000 15
(J: Who is Paderewski?)

Bela Bartok

Joe
Triple Stumper
    $1000 20
Rotterdam

Joe
    $1000 25
(K: What is mumble?)
(Alex: And you gave us the other word...we have less than a minute to go.)

Mum

Kitty
Triple Stumper
    $1000 30
(K: What is "Robin Hood?")
(Alex: Be more specific...)
(K: Uhhh...)

Robin Hood: Prince of Thieves

JoeKitty

Scores at the end of the Double Jeopardy! Round:

Joe Kitty Adil
$6,900 $4,400 $2,900

[wagering suggestions for these scores]

Final Jeopardy! Round responses

FAMOUS FATHERS
(Alex: Appropriate for this day!)
AdilWho is Jackson?
$2,101
KittyWho is Bobbie Blue Blan
$2,600
JoeWho [Joe] Joe Jackson of [Jackson 5]
$2,000
Joe Jackson

Final scores:

Joe Kitty Adil
$8,900 $1,800 $5,001
2-day champion: $19,200 3rd place: Goodyear Eagle Airship Flight over Southern California 2nd place: Zenith 32" TV Monitor & Broyhill Entertainment Center

Game dynamics:

Coryat scores:

Joe Kitty Adil
$5,400 $4,300 $2,900
23 R
(including 2 DDs),
8 W
20 R
(including 1 DD),
5 W
10 R,
3 W

Combined Coryat: $12,600

The J! Archive is created by fans, for fans. The Jeopardy! game show and all elements thereof, including but not limited to copyright and trademark thereto, are the property of Jeopardy Productions, Inc. and are protected under law. This website is not affiliated with, sponsored by, or operated by Jeopardy Productions, Inc. Join the discussion at JBoard.tv.